Catalog

Record Details

Catalog Search



Jedeme na výlet do knížky : magický autobus  Cover Image Book Book

Jedeme na výlet do knížky : magický autobus / Marek Hladký, Jitka Hadká ; ilustrace Nela Korbelová

Record details

  • ISBN: 978-80-271-0322-5
  • Physical Description: 70 stran : barevné ilustrace ; 22 cm
  • Edition: Vydání 1.
  • Publisher: Praha : Bambook, 2017
Genre: české příběhy
publikace pro děti
Czech stories
children's literature

Available copies

  • 1 of 1 copy available at Common Catalog SPOK.

Holds

  • 0 current holds with 1 total copy.
Show Only Available Copies
Location Call Number / Copy Notes Barcode Shelving Location Status Due Date
Jabok Library BL-4.1/H
Pořízeno z projektu Škola jako místo, kde se vzdělává a žije: CZ.07.4.68/0.0/0.0/16_037/0000325
424480041752 Beletrie Available -

LDR 01498nam a2200421 i 4500
00131043
003CZ-PrJAB
00520190213150058.0
007ta
008170823s2017 xr a b 000 j cze
015 . ‡acnb002928687
020 . ‡a978-80-271-0322-5 ‡q(vázáno)
035 . ‡a(CZ PrNK)nkc20172928687
035 . ‡a(OCoLC)1011106021
040 . ‡aOLA001 ‡bcze ‡erda
072 7. ‡a821.162.3-3 ‡xČeská próza ‡2Konspekt ‡925
072 7. ‡a821-93 ‡xLiteratura pro děti a mládež (beletrie) ‡2Konspekt ‡926
080 . ‡a821.162.3-32 ‡2MRF
080 . ‡a821-93 ‡2MRF
080 . ‡a(0:82-32) ‡2MRF
1001 . ‡aHladký, Marek, ‡d1971- ‡7xx0004407 ‡4aut
24510. ‡aJedeme na výlet do knížky : ‡bmagický autobus / ‡cMarek Hladký, Jitka Hadká ; ilustrace Nela Korbelová
24630. ‡aMagický autobus
250 . ‡aVydání 1.
264 1. ‡aPraha : ‡bBambook, ‡c2017
300 . ‡a70 stran : ‡bbarevné ilustrace ; ‡c22 cm
336 . ‡atext ‡btxt ‡2rdacontent
337 . ‡abez média ‡bn ‡2rdamedia
338 . ‡asvazek ‡bnc ‡2rdacarrier
655 7. ‡ačeské příběhy ‡7fd133973 ‡2czenas
655 7. ‡apublikace pro děti ‡7fd133156 ‡2czenas
655 9. ‡aCzech stories ‡2eczenas
655 9. ‡achildren's literature ‡2eczenas
7001 . ‡aHladká, Jitka, ‡d1977- ‡7mzk2016933025 ‡4aut
7001 . ‡aKorbelová, Nela, ‡d1987- ‡7mzk2016933492 ‡4ill
910 . ‡aABG312
995 . ‡aska
901 . ‡a31043 ‡b ‡c31043 ‡tbiblio

Additional Resources